| 000 | 01586nam0a2200373 4500 | ||
|---|---|---|---|
| 001 | RU\NLR\BIBL_A\012665477 | ||
| 005 | 20220701135233.0 | ||
| 010 |
_a978-5-9775-6777-0 _91000 |
||
| 021 |
_aRU _bКН-П-21-045603 _9КН-П-21-3594 |
||
| 035 | _a(NLR Aleph) 012665477 | ||
| 090 |
_a12768922 _c12768922 |
||
| 100 | _a20211214d2021 u y0rusy50 ca | ||
| 101 | 0 | _arus | |
| 102 | _aRU | ||
| 105 | _aac||j||||||z| | ||
| 181 | 0 |
_ab3 _bxb2e |
|
| 181 | 0 |
_ai1 _baxxe |
|
| 182 | 0 | _an | |
| 200 | 1 |
_aСоздание сайтов на Tilda _eсамоучитель _eдля начинающих разработчиков _fВладимир Молочков |
|
| 203 |
_aИзображение _aТекст _bвизуальные _cнепосредственные |
||
| 210 |
_aСанкт-Петербург _cБХВ-Петербург _d2021 |
||
| 215 |
_a350 с. _cил., портр. _d24 |
||
| 225 | 1 | _aСамоучитель | |
| 300 | _aНа 4-й с. обл. авт.: канд. пед. наук, преп. В.П. Молочков | ||
| 300 | _aДр. работы авт. на 4-й с. обл. | ||
| 320 | _aБиблиогр. в тексте | ||
| 320 | _aПредм. указ.: с. 347-350 | ||
| 606 | 1 |
_aTILDA PUBLISHING, блочный редактор сайтов _jУчебные издания для самообразования _92506942 _3RU\NLR\AUTH\6601701650 |
|
| 686 | 1 | _aЗ988.02-02я78-1 | |
| 700 | 1 |
_aМолочков _bВ. П. _gВладимир Петрович |
|
| 942 | _cBOOK | ||
| 980 | _aNB | ||